| 000 | 01526nkm a2200325 i 4500 | ||
|---|---|---|---|
| 001 | 4133 | ||
| 003 | ES-MaACL | ||
| 005 | 20250713062931.0 | ||
| 007 | khrbo | ||
| 008 | 070628s1987 sp --- g |001||spa d | ||
| 100 | 0 |
_aAlfonso, _d1902-1990 _919858 |
|
| 245 | 1 | 0 |
_aFactores de riesgo de las enfermedades cardiovasculares [ _hFotografía] / _cAlfonso (sello). |
| 260 |
_a[S.l. : _bs.n.], _c1987. |
||
| 300 |
_a2 fot. : _bb. y n. ; _c12 x 18 cm. |
||
| 500 | _aDatos basados en invitación. | ||
| 500 | _aMesa redonda con motivo de la Tercera Semana del Corazón. | ||
| 511 | 0 | _aIntervienen: Alejandro del Río, Antonio Fuertes, Pedro Rábago, Juan del Llano; modera: César Navarro de Francisco; presenta: Francisca Julios Puerta. | |
| 518 | _aActo organizado por el Ateneo de Madrid en colaboración con la Sección de Ciencias de la Salud, celebrado en el salón de actos el viernes, 30 de octubre de 1987, a las 19:30 h. | ||
| 600 | 1 | 4 |
_aNavarro de Francisco, César, _d1932- _985113 |
| 600 | 1 | 4 |
_aRío, Alejandro del. _997295 |
| 600 | 1 | 4 |
_aFuertes, Antonio. _952958 |
| 600 | 1 | 4 |
_aRábago, Pedro de. _994834 |
| 600 | 1 | 4 |
_aLlano, Juan del. _972695 |
| 600 | 1 | 4 |
_aJulios Puerta, Francisca. _967251 |
| 610 | 2 | 4 |
_aAteneo de Madrid- _xActos culturales- _y1987- _vFotografías. _91902 |
| 710 | 2 |
_aAteneo de Madrid. _bSección de Ciencias de la Salud. _91974 |
|
| 852 |
_aES-MaACL _jFOT 198/1987 |
||
| 856 | 4 |
_uhttp://www.ateneodemadrid.net/biblioteca_digital/imagenes/1987/0198-1987.jpg _zVer imagen |
|
| 999 |
_c4133 _d4133 |
||